00377nam a2200109Ia 450000500170000000800410001710000360005824501040009426000330019830000110023165000250024220260328101450.0260328s9999||||xx |||||||||||||| ||und|| aForero Suárez, Fabio Enrique  0aVivienda Social, Modernidad e inFormalidad en Bogotá (1911-1982) /cFabio Enrique Forero Suárez bUniversidad La Gran Colombia a425 p. aVIVIENDA ECONÓMICA